[Event "South America-ch U18 13th"]
[Site "Santiago de Chile"]
[Date "2016.12.01"]
[Round "1"]
[White "Correa Atucsa, Breiner Roiser"]
[Black "Galarza Rios, Freddy Gabriel"]
[Result "1-0"]
[WhiteElo "2148"]
[BlackElo "1688"]
[PlyCount "99"]
[EventDate "2016.12.01"]
[EventType "swiss"]
[EventRounds "9"]
[EventCountry "CHI"]
[SourceTitle "EXT 2018"]
[Source "ChessBase"]
[SourceDate "2017.10.13"]
[SourceVersion "1"]
[SourceVersionDate "2017.10.13"]
[SourceQuality "1"]

1. d4 Nf6 2. c4 g6 3. Nc3 d5 4. Bg5 Ne4 5. Bh4 Nxc3 6. bxc3 Bg7 7. e3 c6 8. Qb3 0-0 9. Nf3 dxc4 10. Bxc4 b5 11. Be2 Be6 12. Qc2 h6 13. a4 bxa4 14. Qxa4 c5 15. 0-0 Nd7 16. Rfd1 Nb6 17. Qa3 Qc7 18. Bg3 Qc6 19. dxc5 Nc4 20. Bxc4 Bxc4 21. Nd4 Qc8 22. Qb4 Bd5 23. Nb5 a5 24. Rxa5 Rxa5 25. Qxa5 Qxc5 26. Qb4 Qc6 27. f3 e5 28. Na7 Qa8 29. Qc5 Rd8 30. e4 Be6 31. Rxd8+ Qxd8 32. h3 Qg5 33. Kh2 f5 34. Qd6 Bf7 35. Bxe5 fxe4 36. Bxg7 Kxg7 37. Qd4+ Kh7 38. Qxe4 Qc5 39. Qd4 Qc7+ 40. Kh1 Bc4 41. f4 Ba6 42. Qe3 Qd7 43. Kh2 Qc7 44. Kg1 Qd7 45. Qc5 Qd1+ 46. Kh2 Qd7 47. Nc6 Bb7 48. Ne5 Qg7 49. Qd4 g5 50. f5 1-0

[Event "Pan American-ch U18"]
[Site "Cali"]
[Date "2015.07.03"]
[Round "9"]
[White "Galarza Rios, Freddy Gabriel"]
[Black "Valenzuela Martinez, Hermes"]
[Result "1-0"]
[WhiteElo "1777"]
[BlackElo "1959"]
[PlyCount "20"]
[EventDate "2015.06.28"]
[EventType "swiss"]
[EventRounds "9"]
[EventCountry "COL"]
[SourceTitle "EXT 2016"]
[Source "ChessBase"]
[SourceDate "2015.10.08"]
[SourceVersion "1"]
[SourceVersionDate "2015.10.08"]
[SourceQuality "1"]

1. c4 f5 2. d4 g6 3. g3 Nf6 4. Bg2 Bg7 5. Nc3 d6 6. Nf3 0-0 7. 0-0 c6 8. Rb1 Qc7 9. d5 Re8 10. Ng5 Bf8 1-0

[Event "ECU-chT U20"]
[Site "Carpuela"]
[Date "2014.05.06"]
[Round "7.3"]
[White "Galarza Rios, Freddy Gabriel"]
[Black "Carrasco Jacome, Bryan Ricardo"]
[Result "1/2-1/2"]
[WhiteElo "1757"]
[BlackElo "1712"]
[PlyCount "61"]
[EventDate "2014.05.03"]
[EventType "team-swiss"]
[EventRounds "7"]
[EventCountry "ECU"]
[SourceTitle "CBM 160 Extra"]
[Source "ChessBase"]
[SourceDate "2014.07.01"]
[SourceVersion "1"]
[SourceVersionDate "2014.07.01"]
[SourceQuality "1"]
[WhiteTeam "Guayas"]
[BlackTeam "Pichincha"]
[WhiteTeamCountry "ECU"]
[BlackTeamCountry "ECU"]

1. c4 e5 2. g3 Nf6 3. Bg2 c6 4. d4 exd4 5. Qxd4 d5 6. Nf3 Be6 7. cxd5 cxd5 8. 0-0 Nc6 9. Qa4 Be7 10. Rd1 0-0 11. Nc3 Qb6 12. Qc2 Ng4 13. e3 Rfd8 14. Na4 Qc7 15. Bd2 Rac8 16. Rac1 Bd6 17. b4 Qe7 18. b5 Nd4 19. Qd3 Nxf3+ 20. Bxf3 Ne5 21. Qe2 Nxf3+ 22. Qxf3 Qd7 23. Qe2 Bg4 24. f3 Be6 25. Rxc8 Rxc8 26. Rc1 Rxc1+ 27. Bxc1 Qc7 28. Bb2 Qa5 29. Nc3 Qb4 30. a3 Qb3 31. Qd2 1/2-1/2

[Event "ECU-chT U20"]
[Site "Carpuela"]
[Date "2014.05.05"]
[Round "6.3"]
[White "Sarmiento Ramon, Carlos"]
[Black "Galarza Rios, Freddy Gabriel"]
[Result "1/2-1/2"]
[WhiteElo "1554"]
[BlackElo "1757"]
[PlyCount "118"]
[EventDate "2014.05.03"]
[EventType "team-swiss"]
[EventRounds "7"]
[EventCountry "ECU"]
[SourceTitle "CBM 160 Extra"]
[Source "ChessBase"]
[SourceDate "2014.07.01"]
[SourceVersion "1"]
[SourceVersionDate "2014.07.01"]
[SourceQuality "1"]
[WhiteTeam "Loja"]
[BlackTeam "Guayas"]
[WhiteTeamCountry "ECU"]
[BlackTeamCountry "ECU"]

1. e4 c5 2. Nf3 a6 3. a4 g6 4. d4 cxd4 5. Nxd4 Bg7 6. Nc3 d6 7. Be2 Nf6 8. Be3 Nbd7 9. 0-0 b6 10. f4 Bb7 11. Bf3 Qc7 12. Nb3 0-0 13. g4 Nc5 14. Nxc5 bxc5 15. g5 Nd7 16. h4 Nb6 17. Qe2 e6 18. a5 Nc8 19. Qg2 Ne7 20. Na4 Rab8 21. Rfe1 Bc6 22. c3 Bxa4 23. Rxa4 Rb5 24. Rea1 Rfb8 25. R1a2 Nc6 26. e5 d5 27. c4 Rxa5 28. cxd5 Rxa4 29. Rxa4 exd5 30. Bxd5 Nb4 31. Bc4 Qd7 32. Ra1 Qf5 33. Rf1 Bf8 34. b3 Nc2 35. Bc1 Nd4 36. Bb2 Nxb3 37. Bxa6 Nd4 38. Bxd4 cxd4 39. Qg3 Qc2 40. Bd3 Qc3 41. Rf3 Ra8 42. Bf1 Qc1 43. Rd3 Ra1 44. Qf3 Qe1 45. Qf2 Qe4 46. Qf3 Qe1 47. Qf2 Qb1 48. Kg2 Ra2 49. Rd2 Qe4+ 50. Kh2 Rxd2 51. Qxd2 Qe3 52. Qxe3 dxe3 53. Kg3 Bb4 54. Kg4 h5+ 55. gxh6 Kh7 56. f5 gxf5+ 57. Kxf5 Kxh6 58. Be2 Be7 59. h5 Bg5 1/2-1/2

[Event "ECU-chT U20"]
[Site "Carpuela"]
[Date "2014.05.03"]
[Round "2.3"]
[White "Martinez Maya, Joel Alexander"]
[Black "Galarza Rios, Freddy Gabriel"]
[Result "1/2-1/2"]
[WhiteElo "1702"]
[BlackElo "1757"]
[PlyCount "43"]
[EventDate "2014.05.03"]
[EventType "team-swiss"]
[EventRounds "7"]
[EventCountry "ECU"]
[SourceTitle "CBM 160 Extra"]
[Source "ChessBase"]
[SourceDate "2014.07.01"]
[SourceVersion "1"]
[SourceVersionDate "2014.07.01"]
[SourceQuality "1"]
[WhiteTeam "El Oro"]
[BlackTeam "Guayas"]
[WhiteTeamCountry "ECU"]
[BlackTeamCountry "ECU"]

1. e4 c5 2. Nf3 a6 3. c4 d6 4. d4 Bg4 5. d5 g6 6. Nc3 Bg7 7. h3 Bxf3 8. Qxf3 Nf6 9. Be2 0-0 10. 0-0 e5 11. Qg3 Qe7 12. Bg5 h6 13. Bd2 Re8 14. a3 Nbd7 15. Rab1 Rac8 16. b4 cxb4 17. Rxb4 Nc5 18. Qe3 Nfd7 19. Rfb1 Rc7 20. Bf1 f5 21. f3 fxe4 22. Nxe4 1/2-1/2

[Event "Wch U14"]
[Site "Caldas Novas"]
[Date "2011.11.22"]
[Round "5"]
[White "Todorovic, Nenad I"]
[Black "Galarza Rios, Freddy Gabriel"]
[Result "1-0"]
[WhiteElo "1948"]
[BlackElo "1768"]
[PlyCount "93"]
[EventDate "2011.11.18"]
[EventType "swiss"]
[EventRounds "9"]
[EventCountry "BRA"]
[SourceTitle "EXT 2013"]
[Source "ChessBase"]
[SourceDate "2012.11.22"]
[SourceVersion "1"]
[SourceVersionDate "2012.11.22"]
[SourceQuality "1"]

1. e4 c5 2. Nf3 Nc6 3. d4 cxd4 4. Nxd4 Nf6 5. Nc3 e5 6. Ndb5 d6 7. Bg5 a6 8. Na3 b5 9. Nd5 Be7 10. Bxf6 Bxf6 11. c4 b4 12. Nc2 a5 13. Qf3 0-0 14. Rd1 Be7 15. c5 dxc5 16. Nf6+ Bxf6 17. Rxd8 Rxd8 18. Bc4 Ba6 19. Bxa6 Rxa6 20. Qe2 Ra7 21. Qc4 Rad7 22. Ne3 Bg5 23. 0-0 Nd4 24. Nd5 Ne6 25. g3 Bf6 26. b3 Rd6 27. Rd1 Kf8 28. Kg2 Be7 29. Rf1 Rc8 30. Qb5 Bd8 31. Qb7 Rcc6 32. f4 exf4 33. gxf4 Nc7 34. Rd1 Nxd5 35. Rxd5 Rxd5 36. exd5 Rd6 37. Kf3 f5 38. Ke3 h6 39. Kd3 g5 40. Kc4 gxf4 41. Qb8 Ke7 42. Qa7+ Ke8 43. Qxc5 Rd7 44. d6 Rf7 45. Qc6+ Rd7 46. Kd5 Be7 47. Ke6 1-0

[Event "Wch U14"]
[Site "Caldas Novas"]
[Date "2011.11.20"]
[Round "4"]
[White "Galarza Rios, Freddy Gabriel"]
[Black "Chahrour, Ibrahim"]
[Result "1/2-1/2"]
[WhiteElo "1768"]
[BlackElo "2243"]
[PlyCount "80"]
[EventDate "2011.11.18"]
[EventType "swiss"]
[EventRounds "9"]
[EventCountry "BRA"]
[SourceTitle "EXT 2013"]
[Source "ChessBase"]
[SourceDate "2012.11.22"]
[SourceVersion "1"]
[SourceVersionDate "2012.11.22"]
[SourceQuality "1"]

1. d4 Nf6 2. c4 g6 3. Nc3 Bg7 4. e4 d6 5. h3 0-0 6. Bg5 h6 7. Be3 c6 8. Bd3 Nbd7 9. Qd2 Kh7 10. Nge2 c5 11. f3 Ne8 12. Rb1 cxd4 13. Nxd4 Ne5 14. Be2 Nc7 15. 0-0 Nc6 16. Nd5 f5 17. exf5 gxf5 18. Nxc6 bxc6 19. Nxc7 Qxc7 20. Bd3 e5 21. g4 Qe7 22. Qg2 Kh8 23. g5 f4 24. Bd2 Qxg5 25. Qxg5 hxg5 26. Kg2 Bf5 27. Be4 Bxe4 28. fxe4 d5 29. cxd5 cxd5 30. exd5 Rfd8 31. Bc3 Rxd5 32. Rbd1 Rad8 33. Rxd5 Rxd5 34. Kf3 Rd3+ 35. Kg4 Rg3+ 36. Kf5 e4 37. Bxg7+ Kxg7 38. Kxe4 Rxh3 39. Kf5 Rh2 40. Kxg5 Rxb2 1/2-1/2

[Event "Wch U14"]
[Site "Caldas Novas"]
[Date "2011.11.20"]
[Round "3"]
[White "Salomon, Johan"]
[Black "Galarza Rios, Freddy Gabriel"]
[Result "1/2-1/2"]
[WhiteElo "1973"]
[BlackElo "1768"]
[PlyCount "129"]
[EventDate "2011.11.18"]
[EventType "swiss"]
[EventRounds "9"]
[EventCountry "BRA"]
[SourceTitle "EXT 2013"]
[Source "ChessBase"]
[SourceDate "2012.11.22"]
[SourceVersion "1"]
[SourceVersionDate "2012.11.22"]
[SourceQuality "1"]

1. Nf3 Nf6 2. g3 g6 3. Bg2 Bg7 4. c4 d6 5. 0-0 0-0 6. Nc3 Nc6 7. d3 Rb8 8. Rb1 a6 9. b4 b5 10. cxb5 axb5 11. Qc2 Na7 12. Be3 Rb7 13. Ne5 dxe5 14. Bxb7 Bxb7 15. Bxa7 Qd7 16. Ne4 Nxe4 17. dxe4 f5 18. exf5 gxf5 19. Rfd1 Bd5 20. f3 c6 21. Bf2 Qe6 22. a4 e4 23. Bc5 bxa4 24. Qxa4 exf3 25. exf3 Bxf3 26. Re1 Be4 27. Qb3 Qxb3 28. Rxb3 Kf7 29. g4 Re8 30. gxf5 Bxf5 31. Ra3 Bf6 32. Ra6 Rg8+ 33. Kh1 Be6 34. Rxe6 Kxe6 35. Rxc6+ Kd7 36. Ra6 Rc8 37. Kg2 Rc6 38. Ra3 Be5 39. Rb3 Bd6 40. Bf2 Rc4 41. Be1 Rc2+ 42. Bf2 Rc4 43. b5 Rb4 44. Rxb4 Bxb4 45. Kf3 Kd6 46. Ke4 Bc5 47. Bg3+ Ke6 48. h4 Bb6 49. h5 Kf6 50. Bf4 e6 51. h6 Ke7 52. Bd2 Kd6 53. Bb4+ Bc5 54. Ba5 Kd7 55. Kf4 Kd6 56. Ke4 Kd7 57. Bd2 Kc7 58. Kd3 Kd6 59. Bf4+ e5 60. Bg5 Kd5 61. Bd8 Bf8 62. Bg5 Kc5 63. Ke4 Kxb5 64. Kxe5 Bxh6 65. Bxh6 1/2-1/2